Thiết kế tàu cỡ nhỏ chạy nhanh

Tài liệu trình bày lý thuyết thiết kế tàu cỡ nhỏ chạy nhanh, ngoại hình tàu và bố trí nội thất và thiết kế các tàu chuyên dụng.

Uloženo v:
Podrobná bibliografie
Hlavní autor: Trần, Công Nghị
Médium: Kniha
Jazyk:Undetermined
Vydáno: Thành phố Hồ Chí Minh Đại Học Quốc Gia Thành phố Hồ Chí Minh 2005
Témata:
Tagy: Přidat tag
Žádné tagy, Buďte první, kdo otaguje tento záznam!
Thư viện lưu trữ: Trung tâm Học liệu Trường Đại học Cần Thơ
LEADER 00872nam a2200217Ia 4500
001 CTU_119975
008 210402s9999 xx 000 0 und d
020 |c 38000 
082 |a 623.8231 
082 |b Ngh300 
100 |a Trần, Công Nghị 
245 0 |a Thiết kế tàu cỡ nhỏ chạy nhanh 
245 0 |c Trần Công Nghị 
260 |a Thành phố Hồ Chí Minh 
260 |b Đại Học Quốc Gia Thành phố Hồ Chí Minh 
260 |c 2005 
520 |a Tài liệu trình bày lý thuyết thiết kế tàu cỡ nhỏ chạy nhanh, ngoại hình tàu và bố trí nội thất và thiết kế các tàu chuyên dụng. 
650 |a Boatbuilding,Boats and boating 
650 |x Design and construction 
904 |i Minh 
980 |a Trung tâm Học liệu Trường Đại học Cần Thơ